Minute book including material on payments to missionaries resigning during or after furlough.

Bibliographic Details
Corporate Author: Adam Matthew Digital (Firm) (digitiser.)
Format: eBook
Language:English
Published: [Place of publication not identified : publisher not identified, 1912-1915]
Series:AM Scholar: Area Studies China and Southeast Asia.
Subjects:
Online Access:Connect to the full text of this electronic book

MARC

Tag First Indicator Second Indicator Subfields
LEADER 00000nam a2200000Mi 4500
001 in00005483613
006 m o d
007 cr |n|---uuuuu
008 231030m19121915xx o 000 0 eng d
005 20240917171155.3
035 |a (OCoLC)on1406772626 
040 |a UKAMD  |b eng  |e rda  |c UKAMD  |d OCLCO 
035 |a (OCoLC)1406772626 
049 |a TXAM 
245 0 0 |a Minute book including material on payments to missionaries resigning during or after furlough. 
264 1 |a [Place of publication not identified :  |b publisher not identified,  |c 1912-1915] 
300 |a 1 online resource. 
336 |a text  |b txt  |2 rdacontent 
337 |a computer  |b c  |2 rdamedia 
338 |a online resource  |b cr  |2 rdacarrier 
490 1 |a AM Scholar: Area Studies China and Southeast Asia. 
534 |p Reproduction of:  |t Minute book including material on payments to missionaries resigning during or after furlough  |c 18 Jun 1912 - 11 Oct 1915. 
535 1 |a School of Oriental and African Studies 
542 |f School of Oriental and African Studies 
588 0 |a Description based on publisher metadata (viewed October 30, 2023). 
650 7 |a Missionaries  |2 fast 
651 7 |a China  |2 fast 
655 7 |a Electronic books.  |2 local 
710 2 |a Adam Matthew Digital (Firm),  |e digitiser. 
710 2 |a University of London.  |b School of Oriental and African Studies,  |e owner. 
830 0 |a AM Scholar: Area Studies China and Southeast Asia. 
856 4 0 |u http://proxy.library.tamu.edu/login?url=https://www.amscholar.amdigital.co.uk/Documents/Details/CIM_Part3_Reel44_Vol1  |z Connect to the full text of this electronic book  |t 0 
955 |a Adam Matthew Scholar: Area Studies China and Southeast Asia 
994 |a 92  |b TXA 
999 f f |s a554b0b3-4039-4131-9653-4fe81dcc6675  |i d4ed6f83-0eeb-4041-8963-68e7a6608d9d  |t 0 
952 f f |a Texas A&M University  |b College Station  |c Electronic Resources  |d Available Online  |t 0  |h Library of Congress classification 
998 f f |t 0  |l Available Online